[Event "Asia-ch Seniors 50 8th"]
[Site "Auckland"]
[Date "2017.10.10"]
[Round "3"]
[White "Smith, Robert Wayne"]
[Black "Shakya, Rabindra"]
[Result "1-0"]
[WhiteElo "2223"]
[BlackElo "1947"]
[PlyCount "79"]
[EventDate "2017.10.09"]
[EventType "swiss"]
[EventRounds "9"]
[EventCountry "NZL"]
[SourceTitle "CBM 181 Extra"]
[Source "ChessBase"]
[SourceDate "2017.12.12"]
[SourceVersion "1"]
[SourceVersionDate "2017.12.12"]
[SourceQuality "1"]

1. e4 e5 2. Nf3 Nc6 3. Bb5 a6 4. Ba4 Nf6 5. 0-0 Be7 6. Bxc6 dxc6 7. d3 Bg4 8. h3 Bxf3 9. Qxf3 0-0 10. a4 Nd7 11. Nd2 Bg5 12. a5 g6 13. Qe2 Nc5 14. Nc4 Bxc1 15. Raxc1 Qf6 16. g3 Ne6 17. Kg2 Qg5 18. Qg4 Qxg4 19. hxg4 f6 20. f4 exf4 21. gxf4 g5 22. f5 Nf4+ 23. Kf3 Rab8 24. e5 fxe5 25. Nxe5 Rbe8 26. Rce1 Kg7 27. Nd7 Rxe1 28. Rxe1 Rf7 29. f6+ Rxf6 30. Nxf6 Kxf6 31. Re8 h5 32. gxh5 Nxh5 33. Kg4 Kg6 34. Rg8+ Ng7 35. Rb8 Nh5 36. Rxb7 Nf6+ 37. Kg3 Kf5 38. Rxc7 Nh5+ 39. Kf2 g4 40. Rxc6 1-0